| 000 | 01205cam a22003977a 4500 | ||
|---|---|---|---|
| 003 | CHAP | ||
| 005 | 20220817044053.0 | ||
| 008 | 051214d2005 it rn 00110 eng d | ||
| 010 | _a91530 | ||
| 011 | _a92502 | ||
| 020 | _a9251052867 | ||
| 035 | _a103066 | ||
| 040 | _cCHAP | ||
| 082 | 0 | 4 |
_a639.2 _bF3 v.473 |
| 110 | 2 | _aFAO | |
| 245 | 1 | 0 |
_aCauses of detentions and rejections in international fish trade _c/by L. Ababouch, G. Gandini and J. Ryder |
| 260 |
_aRome : _bFAO, _c2005. |
||
| 300 | _a110 p. | ||
| 410 | 2 | 0 | _aFAO |
| 490 | 0 |
_aDocumento técnico de pesca _v; 473 |
|
| 590 |
_aBATCH-UPD _b10 _c20130110 _lUCH01 _h0508 |
||
| 590 |
_aBATCH-UPD _b10 _c20130410 _lUCH01 _h0145 |
||
| 590 |
_aBATCH-UPD _b10 _c20130914 _lUCH01 _h1017 |
||
| 590 |
_aCONVERSION _b10 _c20130109 _lUCH01 _h1351 |
||
| 650 | 1 | 4 |
_aComercio internacional. _925641 |
| 650 | 1 | 4 |
_aPescado _xMercadeo. _987450 |
| 700 | 0 |
_aAbabouch, Lahsen. _9133 |
|
| 700 | 0 |
_aGandini, G. _945546 |
|
| 700 | 0 |
_aRyder, J. _9101036 |
|
| 810 | 0 | _aFAO | |
| 830 | 0 | 0 |
_aDocumento técnico de pesca _v; 473 _933242 |
| 901 | _aBK | ||
| 905 | _aLilia | ||
| 942 | _cLIBRO | ||
| 949 |
_a639.2 F3 v.473 _bBC _cFAO _d33724000969903 _eFAO1 _h107592 _i103066 _sb |
||
| 999 |
_c91530 _d91530 |
||